Na terra dos contos de fadas (Registo nº 2018)
[ vista simples ]
| 000 -Etiqueta do registo | |
|---|---|
| Cabeçalho | 00977nam a22003011 4500 |
| 005 - Identificador da versão | |
| Campo de controlo | 20240813121922.0 |
| 010 ## - Número internacional normalizado dos livros (ISBN) | |
| Número (ISBN) | 9720715510 |
| 021 ## - Número do Depósito Legal | |
| Código do país | PT |
| Número | 212490/04 |
| 100 ## - Dados gerais de processamento | |
| Dados gerais de processamento | 20070130d2004 cd y0pory5003 ba |
| 102 ## - Pais de publicação ou produção | |
| País de publicação | Portugal |
| 101 1# - Língua de publicação | |
| Língua do texto, banda sonora, etc. | Português |
| Língua do documento no original | Francês |
| 106 ## - Campo de dados codificados: material textual | |
| Dados codificados do material textual | r |
| 105 ## - Campo de dados codificados: livros | |
| Dados codificados dos livros | a z 000fy |
| 215 ## - Descrição física | |
| Indicação específica da natureza do documento e extensão da espécie | 236, [1] p. |
| Outras indicações físicas | todo il. |
| Dimensões | 21 cm |
| 200 1# - Titulo e menção de responsabilidade | |
| Título próprio | Na terra dos contos de fadas |
| Primeira menção de responsabilidade | il. Van Gool |
| 225 2# - Colecção | |
| Título próprio da colecção | Mundo mágico |
| Nome de uma parte ou secção | a partir dos 5 anos |
| Indicação de volume | 1 |
| 210 ## - Publicação, Distribuição, etc. | |
| Lugar da edição, distribuição, etc. | Porto |
| Nome do editor, distribuidor, etc. | Porto Editora |
| Data da publicação, distribuição, etc. | 2004 |
| 327 1# - Nota de conteúdo | |
| Texto da nota | Bambi; A bela e o monstro; A Gata borralheira; Pinóquio; O Gato das Botas; A Bela adormecida; A pequena sereia; A Cachos dourados e os três ursinhos. |
| 304 ## - Notas relativas a título e menção de responsabilidade | |
| Texto da nota | Tít. orig.: In the land of fairy tales |
| 606 ## - Nome comum usado como assunto | |
| Número de registo de entrada de autoridade | 0000001 |
| Palavra de ordem | Literatura estrangeira infantil |
| Subdivisão de assunto | Conto |
| 675 ## - Classificação Decimal Universal (CDU) | |
| Notação | 82-34 |
| Edição | 2ª |
| Língua da edição | por |
| 700 #1 - Nome de autor-pessoa física (responsabilidade principal) | |
| Número de registo de entrada de autoridade | 0000714 |
| Palavra de ordem | Gool |
| Outra parte do nome não tomada para palavra de ordem | A. Van |
| 942 ## - Elementos de entrada adicionados (Koha) | |
| Tipo de item no Koha | Livro |
| Situação do levantamento | Origin of item (home branch) (coded) | Biblioteca de empréstimo | Código de barras | Cota | Circulation type (not for loan) | Tipo de documento | Nota do exemplar | Damaged status |
|---|---|---|---|---|---|---|---|---|
| Biblioteca Escolar da Coca Maravilhas | Biblioteca Escolar da Coca Maravilhas | BECM7790/07 | 8EST GOO | Livro | Sem mensagem |
